Návrh kľukového hriadeľa pre zážihový motor so zdvihovým objemom 1.2 l
Gespeichert in:
| 1. Verfasser: | |
|---|---|
| Weitere Verfasser: | |
| Format: | Manuskript Buch |
| Sprache: | Slowakisch |
| Veröffentlicht: |
2025
|
| Schlagworte: | |
| Online-Zugang: | http://is.stuba.sk/zp/portal_zp.pl?podrobnosti=191332 |
| Tags: |
Keine Tags, Fügen Sie das erste Tag hinzu!
|
MARC
| LEADER | 00000ntm a22000003a 4500 | ||
|---|---|---|---|
| 001 | stuzp104140 | ||
| 003 | SK-STU | ||
| 005 | 20250628211246.3 | ||
| 007 | ta | ||
| 008 | 150427s2015----xo-----f-mn---000-0-slo-d | ||
| 040 | |a STU |b slo | ||
| 041 | 0 | |a slo | |
| 100 | 1 | |a Púpala, Michal |u 020030 |4 aut |U SjF Strojnícka fakulta |T SjF Ústav automobilového inžinierstva a konštruovania |X 103992 |U J0030 |Y 806 |7 103992 | |
| 242 | 0 | 1 | |a Design of a crankshaft for a gasoline engine with a displacement of 1.2 l |y eng |
| 245 | 1 | 0 | |a Návrh kľukového hriadeľa pre zážihový motor so zdvihovým objemom 1.2 l |
| 260 | |c 2025 | ||
| 650 | 4 | |a kľukový hriadeľ |2 slo | |
| 650 | 4 | |a zážihový motor |2 slo | |
| 650 | 4 | |a kľukový mechanizmus |2 slo | |
| 650 | 4 | |a gasoline engine |2 eng | |
| 650 | 4 | |a crankshaft |2 eng | |
| 650 | 4 | |a crankshaft mechanism |2 eng | |
| 700 | 1 | |a Petrák, Peter |u 020030 |k Z1 |4 ths |U SjF Strojnícka fakulta |T SjF Ústav automobilového inžinierstva a konštruovania |X 2414 |U J0030 |Y 806 |7 A000002414 | |
| 856 | 4 | |u http://is.stuba.sk/zp/portal_zp.pl?podrobnosti=191332 | |